| 000 | 00539cam a22001934a 4500 | ||
|---|---|---|---|
| 005 | 20250605164154.0 | ||
| 008 | 250528s ||||||||||||||||||||||||d | ||
| 035 | _a19520 | ||
| 020 | _a9603516384 | ||
| 040 |
_aGR-AtMCL _bgre _dGR-AtMCL _eAACR2 |
||
| 245 | 1 | _aΒΑΣΙΚΟ ΜΑΡΚΕΤΙΝΓΚ / ΕΡΕΥΝΑ ΑΓΟΡΑΣ & ΑΝΑΠΤΥΞΗ ΠΩΛΗΣΕΩΝ | |
| 250 | _a2 | ||
| 260 |
_bΑ.Σταμουλης, _c2006 |
||
| 300 | _a242 | ||
| 700 | 1 |
_aΓαλανης Β.Π _95757 |
|
| 942 | _cBK | ||
| 999 |
_c4776 _d4776 |
||